Introduction of Computers (Record no. 3655)

MARC details
000 -LEADER
fixed length control field 00379nam a22001697a 4500
005 - DATE AND TIME OF LATEST TRANSACTION
control field 20160623111936.0
008 - FIXED-LENGTH DATA ELEMENTS--GENERAL INFORMATION
fixed length control field 160623b xxu||||| |||| 00| 0 eng d
020 ## - INTERNATIONAL STANDARD BOOK NUMBER
ISBN 978-0-07-059374-9
041 ## - LANGUAGE CODE
Language code of text/sound track or separate title eng
082 ## - DEWEY DECIMAL CLASSIFICATION NUMBER
Item number 9321
100 ## - MAIN ENTRY--AUTHOR NAME
Personal name Narton, Peter
245 ## - TITLE STATEMENT
Title Introduction of Computers
260 ## - PUBLICATION, DISTRIBUTION, ETC. (IMPRINT)
Name of publisher TMH
300 ## - PHYSICAL DESCRIPTION
Number of Pages 557
650 ## - SUBJECT ADDED ENTRY--TOPICAL TERM
Topical Term Management
942 ## - ADDED ENTRY ELEMENTS (KOHA)
Koha item type Books
Holdings
Lost status Damaged status Collection code Home library Current library Shelving location Date acquired Source of acquisition Full call number Accession Number Koha item type
    CS/IT JRU Library JRU Library SHELF-48-B 23/06/2016 PURCHASE 004 9321 Books
    CS/IT JRU Library JRU Library SHELF-48-B 23/06/2016 PURCHASE 004 9322 Books